[Event "Titled Tuesday intern op 12th Mar Early"]
[Site "Chess.com INT"]
[Date "2024.03.12"]
[Round "9"]
[White "Lazavik, Denis"]
[Black "Sychev, Klementy"]
[Result "1-0"]
[WhiteElo "2567"]
[BlackElo "2542"]
[PlyCount "71"]
[EventDate "2024.03.12"]
[EventType "swiss (blitz)"]
[EventRounds "11"]
[EventCountry "USA"]
[SourceTitle "CB12_2024"]
[SourceDate "2023.10.01"]
[SourceVersion "1"]
[SourceVersionDate "2023.10.01"]
[SourceQuality "1"]

1. d4 Nf6 2. c4 e6 3. Nf3 d5 4. g3 Bb4+ 5. Bd2 a5 6. Bg2 0-0 7. Qc2 c5 8. cxd5 cxd4 9. Nxd4 Qb6 10. e3 exd5 11. 0-0 Nc6 12. Nxc6 bxc6 13. Rc1 Bd7 14. Nc3 h5 15. Na4 Qd8 16. Bc3 h4 17. Bxf6 Qxf6 18. Nb6 Rad8 19. a3 Be7 20. Nxd7 Rxd7 21. Qxc6 Rd6 22. Qb5 hxg3 23. hxg3 Rb6 24. Qxa5 Rxb2 25. Qe1 d4 26. Rc6 Qe5 27. exd4 Qxd4 28. Rd1 Qa7 29. Rd5 Qxa3 30. Be4 Qb4 31. Qe3 Rb3 32. Qe2 Ra3 33. Kg2 Rc3 34. Rxc3 Qxc3 35. Rd7 Bf6 36. Qh5 1-0

[Event "Titled Tuesday intern op 16th Jan Early"]
[Site "Chess.com INT"]
[Date "2024.01.16"]
[Round "7"]
[White "Estrada Nieto, Julian"]
[Black "Sychev, Klementy"]
[Result "0-1"]
[WhiteElo "2199"]
[BlackElo "2542"]
[PlyCount "140"]
[EventDate "2024.01.16"]
[EventType "swiss (blitz)"]
[EventRounds "11"]
[EventCountry "USA"]
[SourceTitle "CB04_2024"]
[SourceDate "2023.10.16"]
[SourceVersion "1"]
[SourceVersionDate "2023.10.16"]
[SourceQuality "1"]

1. e4 e5 2. Nf3 Nc6 3. Bb5 a6 4. Ba4 f5 5. d3 fxe4 6. dxe4 Nf6 7. Qd3 d6 8. 0-0 Be7 9. Bg5 Be6 10. Bb3 Qd7 11. Bxe6 Qxe6 12. Nc3 Nb4 13. Qe2 0-0 14. a3 Nc6 15. Bxf6 Rxf6 16. Nd5 Rg6 17. Nxc7 Qg4 18. g3 Rf8 19. Kg2 Rgf6 20. Ng1 Qg6 21. Nd5 R6f7 22. c3 Nd8 23. Rad1 Ne6 24. Kh1 Bd8 25. f3 h5 26. Qg2 Ng5 27. Ne3 Bb6 28. Nf5 Rxf5 29. exf5 Rxf5 30. Nh3 Nf7 31. Qc2 Qe6 32. Qe4 Rf6 33. Kg2 Qd7 34. Qd5 Kh8 35. c4 Qc7 36. b4 Bd4 37. Rxd4 exd4 38. Qxd4 Ne5 39. Nf4 Qxc4 40. Qxc4 Nxc4 41. Rc1 b5 42. a4 h4 43. axb5 axb5 44. Ra1 hxg3 45. hxg3 g5 46. Ra8+ Kh7 47. Ra7+ Kh6 48. Nd5 Rf5 49. Nc3 Re5 50. Rd7 Kg6 51. Ne4 g4 52. Nxd6 Re2+ 53. Kf1 gxf3 54. Nxc4 bxc4 55. Rd4 c3 56. Rc4 c2 57. Rc3 Rd2 58. Ke1 Rd1+ 59. Kf2 c1Q 60. Rxc1 Rxc1 61. Kxf3 Rb1 62. b5 Rxb5 63. Kg4 Rb4+ 64. Kh3 Kg5 65. g4 Rb3+ 66. Kg2 Kxg4 67. Kf2 Kf4 68. Ke2 Ke4 69. Kd2 Kd4 70. Kc2 Rh3 0-1

[Event "Titled Tuesday intern op 16th Jan Early"]
[Site "Chess.com INT"]
[Date "2024.01.16"]
[Round "6"]
[White "Sychev, Klementy"]
[Black "Ambartsumova, Karina"]
[Result "0-1"]
[WhiteElo "2542"]
[BlackElo "2418"]
[PlyCount "114"]
[EventDate "2024.01.16"]
[EventType "swiss (blitz)"]
[EventRounds "11"]
[EventCountry "USA"]
[SourceTitle "CB04_2024"]
[SourceDate "2023.10.16"]
[SourceVersion "1"]
[SourceVersionDate "2023.10.16"]
[SourceQuality "1"]

1. e4 e5 2. Nc3 Nf6 3. f4 d5 4. fxe5 Nxe4 5. Qf3 Nxc3 6. dxc3 Be7 7. Bf4 0-0 8. 0-0-0 Be6 9. Bd3 Nd7 10. Qh5 g6 11. Qh6 Re8 12. h4 Bf8 13. Qg5 Qxg5 14. hxg5 Bg7 15. Re1 Bg4 16. Rh4 Bxe5 17. Bd2 Be6 18. Ne2 Nf8 19. Rf1 Re7 20. Be3 b6 21. b4 a5 22. b5 Bd7 23. Kd2 Rae8 24. Rf3 Bg7 25. a4 Ne6 26. c4 dxc4 27. Bxc4 Bc8 28. Bd3 Bb7 29. Rfh3 Nf8 30. g4 Bg2 31. Rg3 Bd5 32. Rhh3 c6 33. c4 Be4 34. Bxe4 Rxe4 35. Kd3 cxb5 36. axb5 R4e6 37. Nd4 Rd6 38. Kc2 Rxe3 39. Rxe3 Bxd4 40. Re8 Kg7 41. Rd3 Ne6 42. Rb8 Nc5 43. Rd2 Ne6 44. Rd3 Rd7 45. Rd1 Rd6 46. Kb1 Nxg5 47. c5 Bxc5 48. Rxd6 Bxd6 49. Rxb6 Ne4 50. Rc6 h5 51. gxh5 gxh5 52. b6 Bg3 53. b7 h4 54. Ka2 h3 55. Rc1 h2 56. Re1 Nf2 57. Re3 Bb8 0-1

[Event "Titled Tuesday intern op 16th Jan Early"]
[Site "Chess.com INT"]
[Date "2024.01.16"]
[Round "10"]
[White "Sychev, Klementy"]
[Black "Zemlyanskii, Ivan"]
[Result "0-1"]
[WhiteElo "2542"]
[BlackElo "2492"]
[PlyCount "66"]
[EventDate "2024.01.16"]
[EventType "swiss (blitz)"]
[EventRounds "11"]
[EventCountry "USA"]
[SourceTitle "CB04_2024"]
[SourceDate "2023.10.16"]
[SourceVersion "1"]
[SourceVersionDate "2023.10.16"]
[SourceQuality "1"]

1. d4 d5 2. Nf3 Nf6 3. Bf4 c5 4. e3 Nc6 5. Nbd2 Qb6 6. dxc5 Qxb2 7. Rb1 Qc3 8. Bb5 e6 9. 0-0 Be7 10. e4 0-0 11. e5 Nd7 12. Nb3 Qb4 13. Nfd4 Nxd4 14. Nxd4 Qxc5 15. Re1 a6 16. Bd3 g6 17. Nf3 b5 18. h4 Bb7 19. h5 d4 20. Be4 Bxe4 21. Rxe4 Qc6 22. Rxd4 Rfd8 23. hxg6 hxg6 24. Ng5 Nxe5 25. Rb3 Rxd4 26. Qxd4 Ng4 27. Rh3 Bf6 28. Qd1 Ne5 29. Qe2 Qc4 30. Qe3 Qd5 31. f3 Ng4 32. Qe1 Qd4+ 33. Kh1 Qxf4 0-1

[Event "Titled Tuesday intern op 09th Jan Early"]
[Site "Chess.com INT"]
[Date "2024.01.09"]
[Round "3"]
[White "Sychev, Klementy"]
[Black "Lopusiewicz, Piotr"]
[Result "1-0"]
[WhiteElo "2542"]
[BlackElo "2301"]
[PlyCount "45"]
[EventDate "2024.01.09"]
[EventType "swiss (blitz)"]
[EventRounds "11"]
[EventCountry "USA"]
[SourceTitle "CB03_2024"]
[SourceDate "2024.01.17"]
[SourceVersion "1"]
[SourceVersionDate "2024.01.17"]
[SourceQuality "1"]

1. e4 e5 2. Nc3 Nc6 3. g3 Bc5 4. Bg2 a5 5. d3 d6 6. Nge2 Nge7 7. 0-0 Be6 8. h3 Qd7 9. Kh2 0-0 10. f4 f6 11. f5 Bf7 12. g4 d5 13. Ng3 h6 14. h4 a4 15. a3 Bd4 16. g5 Bxc3 17. bxc3 dxe4 18. gxf6 gxf6 19. Bxh6 Kh7 20. Bxf8 Rxf8 21. Nxe4 Be8 22. Qg4 Rg8 23. Nxf6+ 1-0

[Event "Titled Tuesday intern op 09th Jan Early"]
[Site "Chess.com INT"]
[Date "2024.01.09"]
[Round "7"]
[White "Sychev, Klementy"]
[Black "Santos Flores, Alberto Javier"]
[Result "1-0"]
[WhiteElo "2542"]
[BlackElo "2183"]
[PlyCount "95"]
[EventDate "2024.01.09"]
[EventType "swiss (blitz)"]
[EventRounds "11"]
[EventCountry "USA"]
[SourceTitle "CB03_2024"]
[SourceDate "2024.01.17"]
[SourceVersion "1"]
[SourceVersionDate "2024.01.17"]
[SourceQuality "1"]

1. e4 e6 2. Qe2 c5 3. b3 Nc6 4. Bb2 Nf6 5. Nf3 Be7 6. e5 Nd5 7. Nc3 Nxc3 8. dxc3 d5 9. exd6 Qxd6 10. Nd2 Qe5 11. 0-0-0 Qxe2 12. Bxe2 Bd7 13. c4 0-0-0 14. Ne4 f5 15. Nd6+ Bxd6 16. Rxd6 Rhg8 17. Rhd1 g6 18. Bf6 Rdf8 19. Rxd7 Rxf6 20. Rxh7 Nd4 21. Bf1 Rd8 22. h4 Rff8 23. c3 Nc6 24. Rxd8+ Rxd8 25. Rg7 Ne5 26. Be2 Rd7 27. Rg8+ Rd8 28. Rg7 Rd7 29. Rg8+ Rd8 30. Rxd8+ Kxd8 31. f4 Nf7 32. Bf3 b6 33. Kd2 Kc7 34. b4 Kd6 35. Kc2 e5 36. Bd5 Nh6 37. bxc5+ bxc5 38. fxe5+ Kxe5 39. Kb3 Ng4 40. Ka4 Ne3 41. Bf3 Kd6 42. Kb5 f4 43. a4 Nc2 44. Ka6 Ne3 45. Kxa7 Nxc4 46. Ka6 Ne5 47. Kb5 Nd7 48. a5 1-0

[Event "Wch Blitz"]
[Site "Samarkand"]
[Date "2023.12.30"]
[Round "13"]
[White "Mitrabha, Guha"]
[Black "Sychev, Klementy"]
[Result "1-0"]
[WhiteElo "2508"]
[BlackElo "2542"]
[PlyCount "99"]
[EventDate "2023.12.29"]
[EventType "swiss (blitz)"]
[EventRounds "21"]
[EventCountry "UZB"]
[SourceTitle "CB01_2024"]
[SourceDate "2024.01.03"]
[SourceVersion "1"]
[SourceVersionDate "2024.01.03"]
[SourceQuality "1"]

1. Nf3 Nf6 2. d4 c6 3. c4 d5 4. cxd5 cxd5 5. Nc3 Nc6 6. Bf4 Bf5 7. e3 e6 8. Bb5 Nd7 9. 0-0 Be7 10. Rc1 0-0 11. h3 Rc8 12. Be2 a6 13. Na4 Qa5 14. a3 Qd8 15. b4 a5 16. b5 Na7 17. Qb3 b6 18. Qb2 h6 19. Rxc8 Nxc8 20. Rc1 Nd6 21. Rc6 Nc4 22. Bxc4 dxc4 23. Rxc4 Be4 24. Nd2 Bd5 25. Rc1 f5 26. Nc3 Bb7 27. Qb3 Rf6 28. Ne2 Bd5 29. Qc3 e5 30. dxe5 Rg6 31. Bg3 Nc5 32. Nf4 Rxg3 33. fxg3 Bb7 34. Nb3 Qd7 35. Qc4+ Kh7 36. Nd4 Bg5 37. Kh2 Bd8 38. Qc2 Be4 39. Qc4 Qb7 40. Nc6 Qd7 41. Qd4 Bxc6 42. bxc6 Qc8 43. Qd5 Be7 44. e6 Qf8 45. c7 g5 46. Ne2 f4 47. exf4 h5 48. Rxc5 bxc5 49. Qd7 h4 50. c8Q 1-0

[Event "Wch Blitz"]
[Site "Samarkand"]
[Date "2023.12.29"]
[Round "11"]
[White "Salem, AR Saleh"]
[Black "Sychev, Klementy"]
[Result "1-0"]
[WhiteElo "2639"]
[BlackElo "2542"]
[PlyCount "107"]
[EventDate "2023.12.29"]
[EventType "swiss (blitz)"]
[EventRounds "21"]
[EventCountry "UZB"]
[SourceTitle "CB01_2024"]
[SourceDate "2024.01.03"]
[SourceVersion "1"]
[SourceVersionDate "2024.01.03"]
[SourceQuality "1"]

1. d4 d5 2. c4 dxc4 3. Nf3 Nf6 4. e3 e6 5. Bxc4 a6 6. 0-0 Nbd7 7. a4 c5 8. Qe2 Bd6 9. Nc3 Qc7 10. Rd1 0-0 11. d5 Nb6 12. e4 exd5 13. Nxd5 Nbxd5 14. Bxd5 Nxd5 15. Rxd5 Be6 16. Rh5 f6 17. e5 Bxe5 18. Nxe5 fxe5 19. Rxe5 Bf7 20. Bf4 Qc6 21. a5 Rae8 22. Re1 h6 23. Qe3 Rxe5 24. Bxe5 Re8 25. f4 c4 26. h3 Rd8 27. Bc3 Re8 28. Be5 Rd8 29. Kh2 Rd3 30. Qf2 Qd5 31. Bc3 Qd7 32. Re5 Rd5 33. Re2 Rd3 34. Re1 Kh7 35. Re5 Rd5 36. Re2 Rd3 37. Qe1 Qf5 38. Qf2 Rd7 39. Re5 Qg6 40. Re3 Qf5 41. Rg3 Bd5 42. Qd4 Qf7 43. Qe5 Re7 44. Qd6 Rd7 45. Qb8 Bc6 46. Rxg7+ Qxg7 47. Bxg7 Rxg7 48. g4 Re7 49. f5 Re2+ 50. Kg3 Rxb2 51. Qc7+ Kg8 52. Qd8+ Kf7 53. Qc7+ Kg8 54. f6 1-0

[Event "Wch Blitz"]
[Site "Samarkand"]
[Date "2023.12.29"]
[Round "7"]
[White "Suyarov, Mukhammadzokhid"]
[Black "Sychev, Klementy"]
[Result "1/2-1/2"]
[WhiteElo "2359"]
[BlackElo "2542"]
[PlyCount "129"]
[EventDate "2023.12.29"]
[EventType "swiss (blitz)"]
[EventRounds "21"]
[EventCountry "UZB"]
[SourceTitle "CB01_2024"]
[SourceDate "2024.01.03"]
[SourceVersion "1"]
[SourceVersionDate "2024.01.03"]
[SourceQuality "1"]

1. d4 d5 2. Nc3 e6 3. e4 Nf6 4. e5 Nfd7 5. Nce2 c5 6. c3 Nc6 7. Nf3 Be7 8. a3 0-0 9. Nf4 Qa5 10. Ra2 Nxd4 11. Nxd4 cxd4 12. b4 Qc7 13. cxd4 Qc3+ 14. Rd2 Bg5 15. Bb2 Qc7 16. Rc2 Qd8 17. g3 Bxf4 18. gxf4 Qh4 19. Qf3 f6 20. Qg3 Qh6 21. Bc1 Qg6 22. Bd3 f5 23. Rg1 Qxg3 24. fxg3 Nb6 25. g4 fxg4 26. Rxg4 Rf7 27. Be3 Nc4 28. Bc1 Bd7 29. Rcg2 Rc8 30. Rh4 g6 31. Bc2 Be8 32. Rhg4 Rfc7 33. Kd1 Nb6 34. Re2 Ba4 35. Rgg2 Rxc2 36. Rxc2 Nc4 37. Ke1 Bxc2 38. Rxc2 b5 39. a4 Rb8 40. Ra2 a5 41. Bd2 Nxd2 42. Kxd2 axb4 43. a5 Rc8 44. a6 b3 45. Ra5 b2 46. Rxb5 Ra8 47. Rxb2 Rxa6 48. Rb7 Rc6 49. Kd3 Ra6 50. h4 Ra3+ 51. Kd2 Ra4 52. Kc3 Rc4+ 53. Kd3 Rc6 54. Re7 h5 55. Rd7 Ra6 56. Kc3 Rc6+ 57. Kd3 Ra6 58. Kc2 Rc6+ 59. Kd2 Kf8 60. Kd3 Ra6 61. Rc7 Ra3+ 62. Rc3 Ra1 63. Rc6 Ra3+ 64. Rc3 Ra1 65. Rc6 1/2-1/2

[Event "Wch Blitz"]
[Site "Samarkand"]
[Date "2023.12.29"]
[Round "10"]
[White "Sychev, Klementy"]
[Black "Christiansen, Johan Sebastian"]
[Result "1-0"]
[WhiteElo "2542"]
[BlackElo "2618"]
[PlyCount "230"]
[EventDate "2023.12.29"]
[EventType "swiss (blitz)"]
[EventRounds "21"]
[EventCountry "UZB"]
[SourceTitle "CB01_2024"]
[SourceDate "2024.01.03"]
[SourceVersion "1"]
[SourceVersionDate "2024.01.03"]
[SourceQuality "1"]

1. d4 Nf6 2. Bg5 d5 3. Nd2 e6 4. e4 h6 5. Bxf6 Qxf6 6. Ngf3 Qd8 7. c3 c5 8. Bb5+ Bd7 9. Bxd7+ Qxd7 10. Ne5 Qc7 11. exd5 exd5 12. Qb3 Be7 13. Qxd5 0-0 14. 0-0 Nc6 15. Ndf3 Rad8 16. Qc4 cxd4 17. Nxc6 bxc6 18. Nxd4 c5 19. Nf5 Bf6 20. Rad1 Qe5 21. Ne3 Rb8 22. Rd2 Bg5 23. Rd5 Qe6 24. b3 Bxe3 25. fxe3 Qxe3+ 26. Kh1 Rbc8 27. Rd7 Kh8 28. Rxa7 Rcd8 29. Raxf7 Rxf7 30. Qxf7 Qxc3 31. h3 Qb2 32. Qe7 Rc8 33. Rf8+ Rxf8 34. Qxf8+ Kh7 35. Qf5+ Kh8 36. Qf8+ Kh7 37. Qxc5 Qxa2 38. b4 Qa3 39. Qc2+ Kh8 40. Qc8+ Kh7 41. Qf5+ Kh8 42. Qe4 Qb2 43. Kh2 Qb3 44. Qd4 Qa4 45. Qd8+ Kh7 46. Qd3+ Kh8 47. Qc4 Kh7 48. Kg3 Qa3+ 49. Kf2 Qb2+ 50. Kg3 Qe5+ 51. Qf4 Qc3+ 52. Kh2 Qb3 53. Qe4+ Kh8 54. Qe8+ Kh7 55. Qe4+ Kh8 56. Kg1 Qd1+ 57. Kf2 Qd2+ 58. Kf3 Qd1+ 59. Kf4 Qd6+ 60. Ke3 Qd1 61. Qe8+ Kh7 62. Qe4+ Kh8 63. Kf2 Qd2+ 64. Kf3 Qd1+ 65. Kg3 Qd6+ 66. Kg4 Qd7+ 67. Kf4 Qd6+ 68. Ke3 Qd1 69. h4 Qe1+ 70. Kf3 Qd1+ 71. Kg3 Qd6+ 72. Kh3 Qd7+ 73. Kh2 Qd6+ 74. g3 Qd2+ 75. Kh3 Qd7+ 76. Kg2 Qd2+ 77. Kf3 Qd1+ 78. Kf4 Qd6+ 79. Kg4 Qd7+ 80. Kf4 Qd6+ 81. Kf3 Qd1+ 82. Kg2 Qd2+ 83. Kh3 Qd7+ 84. g4 Qd1 85. h5 Qf1+ 86. Kg3 Qg1+ 87. Kf4 Qc1+ 88. Ke5 Qc7+ 89. Ke6 Qb6+ 90. Kd7 Qa7+ 91. Kc8 Qa6+ 92. Kc7 Qa7+ 93. Qb7 Qd4 94. Qc8+ Kh7 95. Qf5+ Kh8 96. b5 Qc4+ 97. Kb7 Qb4 98. b6 Qe7+ 99. Kc8 Qe8+ 100. Kc7 Qe7+ 101. Kc6 Qe8+ 102. Qd7 Qe4+ 103. Kc7 Qc4+ 104. Kb8 Qf4+ 105. Qc7 Qb4 106. b7 Kh7 107. Qc2+ Kh8 108. Qc8+ Kh7 109. Qf5+ Kh8 110. Kc7 Qc3+ 111. Kd6 Qb4+ 112. Kc6 Qc4+ 113. Qc5 Qe4+ 114. Kb6 Qb1+ 115. Qb5 Qg1+ 1-0

[Event "Wch Blitz"]
[Site "Samarkand"]
[Date "2023.12.29"]
[Round "4"]
[White "Sychev, Klementy"]
[Black "Tsaruk, Maksim"]
[Result "0-1"]
[WhiteElo "2542"]
[BlackElo "2460"]
[PlyCount "68"]
[EventDate "2023.12.29"]
[EventType "swiss (blitz)"]
[EventRounds "21"]
[EventCountry "UZB"]
[SourceTitle "CB01_2024"]
[SourceDate "2024.01.03"]
[SourceVersion "1"]
[SourceVersionDate "2024.01.03"]
[SourceQuality "1"]

1. e4 e5 2. Nf3 Nc6 3. d4 exd4 4. Nxd4 Qf6 5. Ne2 Bc5 6. Nf4 Nge7 7. Be2 d6 8. 0-0 Nd4 9. Nc3 Nxe2+ 10. Qxe2 c6 11. Be3 0-0 12. Rad1 Bb4 13. Qd2 Be6 14. Nd3 Bxc3 15. bxc3 Bxa2 16. f4 Qe6 17. f5 Qxe4 18. Rf4 Qd5 19. f6 Ng6 20. Rd4 Qh5 21. Rxd6 Rfe8 22. Rf1 Bd5 23. fxg7 Re4 24. c4 Rxc4 25. Qf2 Re8 26. h3 Rce4 27. Rd7 Rxe3 28. Rxf7 Re2 29. Rf8+ Kxg7 30. Qf6+ Kh6 31. Nf4 Rxg2+ 32. Nxg2 Rxf8 33. Qd4 Rxf1+ 34. Kxf1 Qf3+ 0-1

[Event "Wch Blitz"]
[Site "Samarkand"]
[Date "2023.12.29"]
[Round "6"]
[White "Sychev, Klementy"]
[Black "Urazayev, Arystanbek"]
[Result "1-0"]
[WhiteElo "2542"]
[BlackElo "2472"]
[PlyCount "71"]
[EventDate "2023.12.29"]
[EventType "swiss (blitz)"]
[EventRounds "21"]
[EventCountry "UZB"]
[SourceTitle "CB01_2024"]
[SourceDate "2024.01.03"]
[SourceVersion "1"]
[SourceVersionDate "2024.01.03"]
[SourceQuality "1"]

1. e4 e5 2. Nf3 Nc6 3. d4 exd4 4. Nxd4 Nf6 5. Nxc6 bxc6 6. e5 Qe7 7. Qe2 Nd5 8. g3 Bb7 9. Bg2 0-0-0 10. 0-0 Re8 11. f4 f6 12. c4 Nb6 13. Kh1 fxe5 14. f5 e4 15. Nc3 c5 16. Bf4 e3 17. Rae1 Qf7 18. b3 Be7 19. Bxb7+ Kxb7 20. Qg2+ Kb8 21. Rxe3 Bd8 22. a4 a5 23. Nb5 d6 24. g4 h5 25. Rxe8 Rxe8 26. Bxd6 cxd6 27. Nxd6 Qd7 28. Nxe8 Qxe8 29. gxh5 Bf6 30. Qf3 Nc8 31. Qg3+ Kb7 32. Re1 Qc6+ 33. Qg2 Nd6 34. h6 Nxf5 35. Qxc6+ Kxc6 36. h7 1-0

[Event "Wch Rapid"]
[Site "Samarkand"]
[Date "2023.12.28"]
[Round "12"]
[White "Sadhwani, Raunak"]
[Black "Sychev, Klementy"]
[Result "0-1"]
[WhiteElo "2654"]
[BlackElo "2542"]
[PlyCount "34"]
[EventDate "2023.12.26"]
[EventType "swiss (rapid)"]
[EventRounds "13"]
[EventCountry "UZB"]
[SourceTitle "CB01_2024"]
[SourceDate "2024.01.03"]
[SourceVersion "1"]
[SourceVersionDate "2024.01.03"]
[SourceQuality "1"]

1. d4 d5 2. Nc3 Nf6 3. Bf4 c5 4. e3 cxd4 5. exd4 a6 6. Nf3 Nc6 7. Ne5 Bd7 8. g4 h6 9. h4 e6 10. Nxc6 Bxc6 11. Qf3 Qa5 12. Bd2 Qb6 13. 0-0-0 Qxd4 14. g5 hxg5 15. Bxg5 Qg4 16. Qe3 d4 17. Rxd4 Bc5 0-1

[Event "Wch Rapid"]
[Site "Samarkand"]
[Date "2023.12.28"]
[Round "11"]
[White "Sychev, Klementy"]
[Black "Demchenko, Anton"]
[Result "1/2-1/2"]
[WhiteElo "2542"]
[BlackElo "2609"]
[PlyCount "65"]
[EventDate "2023.12.26"]
[EventType "swiss (rapid)"]
[EventRounds "13"]
[EventCountry "UZB"]
[SourceTitle "CB01_2024"]
[SourceDate "2024.01.03"]
[SourceVersion "1"]
[SourceVersionDate "2024.01.03"]
[SourceQuality "1"]

1. e4 e5 2. Nf3 Nc6 3. d4 exd4 4. Nxd4 Bc5 5. Nb3 Bb6 6. Nc3 d6 7. Qe2 a5 8. Be3 a4 9. Bxb6 axb3 10. Be3 bxa2 11. Rxa2 Rxa2 12. Nxa2 Nge7 13. Nc3 0-0 14. Qd2 Be6 15. Be2 f5 16. 0-0 h6 17. f3 Qd7 18. Re1 fxe4 19. Nxe4 Nd5 20. Nc3 Nxe3 21. Qxe3 Qf7 22. f4 Bc4 23. g3 Bxe2 24. Rxe2 Ra8 25. Qe4 Kh8 26. Nd5 Rf8 27. b4 Ne5 28. Nxc7 Qxc7 29. fxe5 dxe5 30. Qxe5 Qf7 31. Qf4 Qxf4 32. gxf4 Rxf4 33. c3 1/2-1/2

[Event "Wch Rapid"]
[Site "Samarkand"]
[Date "2023.12.28"]
[Round "10"]
[White "Sychev, Klementy"]
[Black "Seemann, Jakub"]
[Result "1-0"]
[WhiteElo "2542"]
[BlackElo "2441"]
[PlyCount "67"]
[EventDate "2023.12.26"]
[EventType "swiss (rapid)"]
[EventRounds "13"]
[EventCountry "UZB"]
[SourceTitle "CB01_2024"]
[SourceDate "2024.01.03"]
[SourceVersion "1"]
[SourceVersionDate "2024.01.03"]
[SourceQuality "1"]

1. e4 c5 2. Nc3 Nc6 3. Nf3 d6 4. d4 cxd4 5. Nxd4 e5 6. Ndb5 a6 7. Na3 Be7 8. Nc4 b5 9. Ne3 Nf6 10. Bd3 Nb4 11. 0-0 0-0 12. a3 Nxd3 13. Qxd3 Be6 14. Rd1 Rc8 15. Bd2 Qd7 16. Be1 Rc5 17. f3 Nh5 18. Ncd5 Bg5 19. Bf2 a5 20. b4 axb4 21. axb4 Rc6 22. Qxb5 Nf4 23. Kh1 Nxd5 24. exd5 Rc3 25. Qe2 Bf5 26. Nxf5 Qxf5 27. Rd3 Rc4 28. b5 e4 29. Rb3 Qxd5 30. Rd1 exf3 31. Rxd5 fxe2 32. Rxg5 Rd4 33. Rxg7+ Kh8 34. Rg8+ 1-0

[Event "Titled Tuesday intern op 19th Dec Early"]
[Site "Chess.com INT"]
[Date "2023.12.19"]
[Round "1"]
[White "Sychev, Klementy"]
[Black "Herman, Daniel"]
[Result "1-0"]
[WhiteElo "2542"]
[BlackElo "1927"]
[PlyCount "109"]
[EventDate "2023.12.19"]
[EventType "swiss (blitz)"]
[EventRounds "11"]
[EventCountry "USA"]
[SourceTitle "CB52_2023"]
[SourceDate "2023.12.27"]
[SourceVersion "1"]
[SourceVersionDate "2023.12.27"]
[SourceQuality "1"]

1. e4 g6 2. d4 Bg7 3. Nc3 d6 4. Be3 a6 5. g4 b5 6. Bg2 Bb7 7. h4 h6 8. g5 hxg5 9. h5 gxh5 10. Rxh5 Nf6 11. Rxh8+ Bxh8 12. Bxg5 b4 13. Nd5 Bxd5 14. exd5 Nbd7 15. Ne2 Qb8 16. Nf4 Qb5 17. Qd2 0-0-0 18. a3 Rg8 19. Bxf6 Bxf6 20. axb4 Bg5 21. Bf1 Bxf4 22. Qxf4 Qxb4+ 23. Qd2 Qxd2+ 24. Kxd2 Nb6 25. Bxa6+ Kd8 26. c4 Rg4 27. Kd3 Rh4 28. Bb5 e5 29. dxe5 dxe5 30. Re1 f6 31. Rg1 Rd4+ 32. Kc3 Rf4 33. Rg2 Ke7 34. b4 Rf3+ 35. Kc2 f5 36. Rg7+ Kf6 37. Rxc7 Rxf2+ 38. Kd1 e4 39. Rc6+ Ke5 40. Rxb6 f4 41. d6 e3 42. d7 Rd2+ 43. Ke1 f3 44. c5 Rh2 45. d8Q Rh1+ 46. Bf1 e2 47. Qe7+ Kd4 48. Rd6+ Kc3 49. Qe3+ Kxb4 50. Qd4+ Ka5 51. Qa1+ Kb5 52. Qb2+ Kxc5 53. Qd4+ Kb5 54. Rb6+ Ka5 55. Qb4# 1-0

[Event "Titled Tuesday intern op 12th Dec Early"]
[Site "Chess.com INT"]
[Date "2023.12.12"]
[Round "10"]
[White "Sychev, Klementy"]
[Black "Vakhlamov, Igor L"]
[Result "1-0"]
[WhiteElo "2542"]
[BlackElo "2413"]
[PlyCount "91"]
[EventDate "2023.12.12"]
[EventType "swiss (blitz)"]
[EventRounds "11"]
[EventCountry "USA"]
[SourceTitle "CB51_2023"]
[SourceDate "2023.12.20"]
[SourceVersion "1"]
[SourceVersionDate "2023.12.20"]
[SourceQuality "1"]

1. e4 c5 2. Nc3 e6 3. f4 a6 4. Nf3 Nc6 5. g3 d5 6. d3 dxe4 7. Nxe4 Nf6 8. Nxf6+ Qxf6 9. Bg2 Bd6 10. 0-0 0-0 11. Ng5 Qd8 12. Be3 Rb8 13. c3 Ne7 14. Ne4 b5 15. Nxc5 b4 16. Ne4 bxc3 17. bxc3 Bb7 18. Rb1 Bd5 19. Qa4 Nf5 20. Bf2 Qc7 21. c4 Bc6 22. Qxc6 Qxc6 23. Nf6+ gxf6 24. Bxc6 Rbc8 25. Bb7 Rc7 26. a4 a5 27. Be4 Ne7 28. Rb5 f5 29. Bf3 Bb4 30. Bb6 Rd7 31. Rd1 Rb8 32. Kf1 Nc8 33. Be3 Rxb5 34. axb5 a4 35. b6 Bd6 36. c5 a3 37. b7 Na7 38. cxd6 Nc6 39. Bxc6 a2 40. Bxd7 a1Q 41. Rxa1 e5 42. b8Q+ Kg7 43. fxe5 Kg6 44. Qh8 Kh5 45. Qxh7+ Kg4 46. Qxf5# 1-0

[Event "Titled Tuesday intern op 12th Dec Early"]
[Site "Chess.com INT"]
[Date "2023.12.12"]
[Round "3"]
[White "Sychev, Klementy"]
[Black "Yaran, Siar"]
[Result "1-0"]
[WhiteElo "2542"]
[BlackElo "2272"]
[PlyCount "85"]
[EventDate "2023.12.12"]
[EventType "swiss (blitz)"]
[EventRounds "11"]
[EventCountry "USA"]
[SourceTitle "CB51_2023"]
[SourceDate "2023.12.20"]
[SourceVersion "1"]
[SourceVersionDate "2023.12.20"]
[SourceQuality "1"]

1. e4 e5 2. Nf3 Nc6 3. Bb5 a6 4. Ba4 Nf6 5. Nc3 b5 6. Bb3 Be7 7. d3 d6 8. a3 0-0 9. 0-0 h6 10. h3 Be6 11. Nd5 Re8 12. Bd2 Bf8 13. a4 Rb8 14. axb5 axb5 15. Re1 Bxd5 16. exd5 Ne7 17. c4 g6 18. Bc2 Nf5 19. b3 Bg7 20. Ra7 Re7 21. g4 Nd4 22. Nxd4 exd4 23. Ba5 Rd7 24. b4 Qc8 25. Qf3 c5 26. Rxd7 Qxd7 27. bxc5 dxc5 28. Qf4 Rb7 29. d6 bxc4 30. dxc4 Rb2 31. Re7 Qc6 32. d7 Rxc2 33. d8Q+ Kh7 34. Rxf7 Ra2 35. Rxg7+ Kxg7 36. Qdc7+ Qxc7 37. Qxc7+ Kg8 38. Qc8+ Kf7 39. Qc7+ Ke6 40. Qxc5 d3 41. Bc3 Rc2 42. Qe5+ Kd7 43. Qxf6 1-0

[Event "Titled Tuesday intern op 12th Dec Early"]
[Site "Chess.com INT"]
[Date "2023.12.12"]
[Round "7"]
[White "Sychev, Klementy"]
[Black "Yuan, Qingyu"]
[Result "1-0"]
[WhiteElo "2542"]
[BlackElo "2360"]
[PlyCount "69"]
[EventDate "2023.12.12"]
[EventType "swiss (blitz)"]
[EventRounds "11"]
[EventCountry "USA"]
[SourceTitle "CB51_2023"]
[SourceDate "2023.12.20"]
[SourceVersion "1"]
[SourceVersionDate "2023.12.20"]
[SourceQuality "1"]

1. e4 e5 2. Nc3 Nf6 3. f4 d5 4. fxe5 Nxe4 5. Qf3 Nc6 6. Bb5 Nxc3 7. dxc3 Qh4+ 8. g3 Qe4+ 9. Be3 Qxe5 10. 0-0-0 Be6 11. Ne2 0-0-0 12. Bxc6 bxc6 13. Nd4 Kb7 14. Rhe1 Bd6 15. Nb3 Qf5 16. Na5+ Kc8 17. Qe2 Kd7 18. Qa6 Ra8 19. Qxc6+ Ke7 20. Bc5 Rhd8 21. Qxc7+ Ke8 22. Bxd6 Rd7 23. Qc6 Rad8 24. Bb4 h5 25. Nb7 Qg5+ 26. Kb1 Rb8 27. Rxe6+ fxe6 28. Qxe6+ Re7 29. Qg8+ Kd7 30. Qxb8 Qg4 31. Rc1 Ke6 32. Qd6+ Kf5 33. Qxe7 Qe4 34. Nd6+ Kg4 35. Nxe4 1-0

[Event "Titled Tuesday intern op 14th Nov Early"]
[Site "Chess.com INT"]
[Date "2023.11.14"]
[Round "3"]
[White "Danielyan, Vahe"]
[Black "Sychev, Klementy"]
[Result "0-1"]
[WhiteElo "2317"]
[BlackElo "2542"]
[PlyCount "58"]
[EventDate "2023.11.14"]
[EventType "swiss (blitz)"]
[EventRounds "11"]
[EventCountry "USA"]
[SourceTitle "CB47_2023"]
[SourceDate "2023.11.22"]
[SourceVersion "1"]
[SourceVersionDate "2023.11.22"]
[SourceQuality "1"]

1. e4 e5 2. Nf3 Nc6 3. Nc3 Nf6 4. Bb5 Bb4 5. 0-0 0-0 6. d3 d6 7. Bg5 Ne7 8. Bc4 c6 9. Nh4 d5 10. exd5 cxd5 11. Bb3 Bxc3 12. bxc3 Qd6 13. Re1 h6 14. Bc1 Ng6 15. Nxg6 fxg6 16. a4 Qc7 17. Ba3 Re8 18. Qd2 Be6 19. Re2 Bf7 20. Rae1 Rac8 21. h3 g5 22. Qe3 b6 23. Qf3 Qxc3 24. Qf5 e4 25. dxe4 dxe4 26. Re3 Qe5 27. Qg6 Re6 28. Bxe6 Qxe6 29. Bb2 Bxg6 0-1